| 000 | 00860nam a2200289Ia 4500 | ||
|---|---|---|---|
| 001 | Para_1862 | ||
| 003 | CHAP | ||
| 008 | 220125s1994 xx 000 0 und d | ||
| 010 | _a200509 | ||
| 040 | _cCHAP | ||
| 082 | _aPA 633.85 P3 | ||
| 100 |
_aPacheco Mendivil, Francisco _984568 |
||
| 245 |
_aPlagas de los cultivos oleaginosos en México / _c por Francisco Pacheco Mendivil |
||
| 260 |
_aObregón, Sonora : _b Gassas |
||
| 300 | _a600 p. | ||
| 440 |
_aLibro técnico, 3 _9161152 |
||
| 650 |
_aCultivos _x plagas _930305 |
||
| 650 |
_aPlantas _x oleaginosas _9165377 |
||
| 710 |
_aCentro de Investigaciones Agrícolas del Noroeste. México _9165378 |
||
| 901 | _aPA 633.85 P3 | ||
| 902 | _aA | ||
| 905 | _a0000001994 a 0000000000 00 | ||
| 910 | _a1994 | ||
| 942 | _cPARA | ||
| 942 |
_cPARA _d1 |
||
| 999 |
_c200509 _d200509 |
||